| 000 | 04326cam a22005054i 4500 | ||
|---|---|---|---|
| 003 | PE-LiUPU | ||
| 005 | 20250731173055.0 | ||
| 008 | 150623s1988 ck a r 000 0 spa d | ||
| 020 | _a0828001634 | ||
| 035 | _a(Sirsi) a24226 | ||
| 040 |
_aPE-LiUPU _bspa _cPE-LiUPU _erda |
||
| 049 | _aPRUA | ||
| 082 | 0 | 4 |
_a248.82 _bM465m _223 |
| 100 | 1 |
_aMaxwell, Arturo S., _eautor. |
|
| 245 | 1 | 0 |
_aMis historias favoritas / _cArturo S. Maxwell. |
| 264 | 1 |
_a[Santafé de Bogotá, Colombia] : _bAsociación Publicadora Interamericana, _c1988. |
|
| 264 | 1 |
_a[Santafé de Bogotá, Colombia] : _bAsociación Publicadora Interamericana, _c1986. |
|
| 300 |
_a3 tomos : _bilustraciones ; _c21 centímetros. _c25 centímetros. |
||
| 300 |
_a2 volúmenes : _bilustraciones ; _c24.5 centímetros. |
||
| 336 |
_atext _2rdacontent |
||
| 337 |
_aunmediated _2rdamedia |
||
| 338 |
_avolume _2rdacarrier |
||
| 500 | _aTres volúmenes | ||
| 505 | 0 | _a(Tomo: 0) Las manos de mamá -- Cuando Ricardo se escapó -- La victoria de Beatriz -- El pastel hueco -- Pedro paga una deuda -- Las dos Carolinas -- Un muchacho encadenado -- Cavando en busca de una bicicleta -- Los patines de Brenda -- Daniel y los aviones bombarderos -- El secreto de la felicidad -- Guillermo aprende una lección -- El valor de una Sonrisa -- El viaje navideño de la abuelita -- Los juguetes de Tomás -- Salvados de las aguas -- La búsqueda del tesoro -- ¡Levanta tu mano! -- Cómo obtuvo Patricio su tren eléctrico -- La moneda de José -- El hombre que nunca dejó de orar -- Jaime y los frascos de mermelada -- Nuestras oraciones -- Cómo vencer la tentación. | |
| 505 | 0 | _aTomo 1: Por qué Víctor podía dormir tranquilo -- El sacrificio de Andrea -- Dos niñas egoístas -- Nelly, Nancy y el árbol de Navidad -- Hilos enredados -- La desagradecida Elsita -- Sin vidrio de por medio -- Por qué Bozo no se movió -- Sólo una broma -- Eva y el árbol de Navidad -- Cómo Rosita alcanzó el tren -- El remedio de tía Juanita -- El muchacho que no pudo esperar -- Una historia de perros -- Mónica y el indio -- El prendedor de mamá -- Lo que cambió a Carlos -- Una cama en la bañera -- El fiel Rover -- Verdadera hermosura -- Una niñita valiente -- Carola y el rociador -- Lorena, la solitaria -- Lío en las escaleras -- Salvado por su perro -- El muchacho que era siempre el mejor -- Arrebatado del incendio -- El regalo de Carla -- El día que Ricardo perdió su almuerzo -- Etel y el montón de paja -- El muchacho que perdió el billete -- Salvados de la tormenta -- El último salto -- Cómo Betina se perdió una fiesta -- Javier al rescate -- Las marcas delatoras -- Dos niñas y una muñeca. | |
| 505 | 0 | _aTomo 2: Entre nosotros -- Teresina -- La tormenta -- La manzana de Paula -- El regalo de mamá -- Diego y la pelota de béisbol -- La tentación de Marina -- Abrigo en el desierto -- La mancha que desapareció -- ¿Contesta Dios nuestras oraciones? -- "Un pan entero por favor -- El camino iluminado -- Una muralla de caballos -- Cuando el viejo Ford se detuvo -- Perdidas en la lluvia -- Las palabras en la pared -- La Nany del piso de arriba -- ¡Maravilloso papito! -- Dos perros y una niña -- El fiel Fidelio -- Jesús comprendió -- La impaciente Norma -- "El muchacho más honrado" -- El amor encuentra un camino -- El rostro en el peral -- Cuando la abuelita golpeó el barril -- Javier y las estrellitas -- ¡Secuestrado! -- "¿Eres tú Dios?" -- El extraño vuelo de Alida -- Cómo Ronald hizo sonar las campanas -- El secreto de las mellizas -- Amor de madre -- La casa que brilló --"Devolución por favor" -- Katy, la curiosa -- Elimina el no -- Patricio nunca más llegó tarde. | |
| 526 | _aSEG42 | ||
| 526 | _aSEG41 | ||
| 526 | _aSEG40 | ||
| 526 | _aSEG39 | ||
| 526 | _aP94 | ||
| 526 | _aP87 | ||
| 526 | _aP86 | ||
| 526 | _aP85 | ||
| 526 | _aP77 | ||
| 526 | _aP76 | ||
| 526 | _aP35 | ||
| 650 | 0 | 4 | _aLiteratura cristiana infantil. |
| 910 | _adbm | ||
| 942 |
_2ddc _cBOOK |
||
| 949 |
_a220.95 M31 _wDEWEY _c1 _i48511 _lCCODEBUL1 _mBUL _p06.00 _r0 _sY _tBOOK _u2015-06-24 _xTEOLOGIA _0COMPRA _o.STAFF. Colección General |
||
| 980 |
_81 _gALBERTO SANCHEZ Responsable de Automatización |
||
| 999 |
_c27681 _d27681 |
||